| 000 | 01378nam0a2200337 4500 | ||
|---|---|---|---|
| 001 | RU\NLR\bibl\1264675 | ||
| 005 | 20260408182324.0 | ||
| 010 |
_a978-5-358-03123-4 _93000 |
||
| 021 |
_aRU _b2008-50748 _92811 |
||
| 035 | _a(NLR Aleph) 001250632 | ||
| 090 |
_a316778 _c316778 |
||
| 100 | _a20080822d2008 e y0rusy50 ca | ||
| 101 | 0 | _arus | |
| 102 | _aRU | ||
| 105 | _aa ||||||||| | ||
| 200 | 1 |
_aРавновесие в растворах _e10-11 классы _eучебное пособие _fЛ.Ю. Аликберова, Е.В. Савинкина |
|
| 210 |
_aМосква _cДрофа _d2008 |
||
| 215 |
_a158, [1] с. _cил., портр. _d21 |
||
| 225 | 1 |
_aЭлективные курсы _iПрофильное обучение |
|
| 225 | 1 | _aУчебное пособие | |
| 320 | _aБиблиогр.: с. 154 (6 назв.) | ||
| 606 |
_aРастворы (хим.) _xХимическое равновесие _jУчебные издания для средней школы _3RU\NLR\auth\66961512 _91518042 |
||
| 686 | _aГ533.523я721-1 | ||
| 700 | 1 |
_aАликберова _bЛ. Ю. _gЛюдмила Юрьевна _4070 |
|
| 701 | 1 |
_aСавинкина _bЕ. В. _gЕлена Владимировна _4070 |
|
| 801 | 0 |
_aRU _bNLR _c20080822 _gRCR |
|
| 801 | 1 |
_aRU _bNLR _c20080822 |
|
| 830 | _aАвт. по кн. | ||
| 942 | _cBOOK | ||
| 980 | _aNB | ||